| Tag |
First Indicator |
Second Indicator |
Subfields |
| LEADER |
00000cam a2200000 i 4500 |
| 001 |
in00005715621 |
| 005 |
20260319164722.7 |
| 006 |
m o d |
| 007 |
cr cnu---unuuu |
| 008 |
180302t20182018enk ob 001 0 eng d |
| 040 |
|
|
|a N$T
|b eng
|e rda
|e pn
|c N$T
|d EBLCP
|d N$T
|d OCLCO
|d YDX
|d OCLCF
|d STBDS
|d FIE
|d CEF
|d KSU
|d OTZ
|d STF
|d WYU
|d U3W
|d LVT
|d BRX
|d OCLCQ
|d UKAHL
|d K6U
|d OCLCO
|d OCLCQ
|d SFB
|d OCLCQ
|d OCLCO
|d OCLCL
|d OCLCQ
|d CLOUD
|d UKKRT
|d OCLCQ
|d OCLCL
|
| 019 |
|
|
|a 1027133409
|a 1027310716
|a 1027561002
|a 1027713349
|a 1027761982
|a 1027812065
|a 1028026370
|a 1028069535
|a 1028211786
|a 1028519235
|
| 020 |
|
|
|a 9780191850387
|q (electronic book)
|
| 020 |
|
|
|a 0191850381
|q (electronic book)
|
| 020 |
|
|
|a 9780192540713
|q (electronic book)
|
| 020 |
|
|
|a 0192540718
|q (electronic book)
|
| 020 |
|
|
|z 0198812574
|
| 020 |
|
|
|z 9780198812579
|
| 035 |
|
|
|a (OCoLC)1026492382
|z (OCoLC)1027133409
|z (OCoLC)1027310716
|z (OCoLC)1027561002
|z (OCoLC)1027713349
|z (OCoLC)1027761982
|z (OCoLC)1027812065
|z (OCoLC)1028026370
|z (OCoLC)1028069535
|z (OCoLC)1028211786
|z (OCoLC)1028519235
|
| 043 |
|
|
|a e-uk---
|
| 050 |
|
4 |
|a HN400.S6
|b S87 2018
|
| 072 |
|
7 |
|a SOC
|x 031000
|2 bisacsh
|
| 072 |
|
7 |
|a SOC
|x 020000
|2 bisacsh
|
| 082 |
0 |
4 |
|a 305.50941
|2 23
|
| 049 |
|
|
|a TXAM
|
| 100 |
1 |
|
|a Sutcliffe-Braithwaite, Florence,
|e author.
|
| 245 |
1 |
0 |
|a Class, politics, and the decline of deference in England, 1968-2000 /
|c Florence Sutcliffe-Braithwaite.
|
| 250 |
|
|
|a First edition.
|
| 264 |
|
1 |
|a Oxford, United Kingdom :
|b Oxford University Press,
|c 2018.
|
| 264 |
|
4 |
|c ©2018
|
| 300 |
|
|
|a 1 online resource (246 pages)
|
| 336 |
|
|
|a text
|b txt
|2 rdacontent
|
| 337 |
|
|
|a computer
|b c
|2 rdamedia
|
| 338 |
|
|
|a online resource
|b cr
|2 rdacarrier
|
| 490 |
1 |
|
|a The past & present book series
|
| 504 |
|
|
|a Includes bibliographical references and index.
|
| 520 |
8 |
|
|a In late twentieth-century England, inequality was rocketing, yet some have suggested that the politics of class was declining in significance. This book addresses this claim, showing that class remained important to 'ordinary' people's narratives about social change and their own identities throughout the period 1968-2000, but in changing ways.
|
| 505 |
0 |
|
|a Cover; Class, Politics, and the Decline of Deference in England, 1968-2000; Copyright; Acknowledgements; Contents; List of Images; List of Tables; List of Abbreviations; Introduction: Class, Politics, and the Decline of Deferencein England, 1968; 1: Tyneside Shipbuilders: Workers' Attitudes to Class, 1968-1971; POPULAR CLASS IDENTITIES ON TYNESIDE; THE MEANINGS OF CLASS; CLASS AND POLITICS IN THE TRADITIONAL WORKING CLASS;; CONCLUSION; 2: Middle-Class Voices, c.1969â#x80;#x93;1979; MIDDLE-CLASS EDWARDIANS; VOICES FROM MIDDLE-CLASS LONDON; JOHNNY BLACK; CONCLUSION
|
| 505 |
8 |
|
|a 3: Working-Class Autobiography, c.1970- 1985THE EROSION OF CLASS; COMMUNITY AND THE INDIVIDUAL; IMAGINED COMMUNITIES; CLASS CONSCIOUSNESS AND POLITICS; CONCLUSION; 4: Attitudes to Class in the 100 Families' Study, 1985-1988; CLASS IDENTITIES; AMBIVALENCE AND ORDINARINESS IN DISCUSSIONS OF CLASS; THE BLURRING OF CLASS LINES; DEFERENCE AND SNOBBISHNESS; GENERATIONAL SHIFTS IN ATTITUDES TO CLASS; CONCLUSION; 5: Mass Observers' Attitudes to Class, 1990; MASS OBSERVERS'; UNDERSTANDINGS OF SOCIAL CHANGE; CLASS, HOUSING, GENDER, AND RACE; CULTURE AND CLASS DISTINCTION
|
| 505 |
8 |
|
|a CLASS IDENTITIES IN 1990CONCLUSION; 6: Class in the Millennium Memory Bank, 1998-2000; ;CLASSLESSNESS IN THE MILLENNIUM MEMORY BANK; CLASS AND POPULAR IDENTITIES AT THE MILLENNIUM; EDUCATION, SOCIAL MOBILITY, AND CLASS IDENTITIES; CONCLUSION; 7: Class in Thatcherite Ideology and Rhetoric; THATCHER, CLASS, AND SOCIETY; THATCHER, THE WORKING CLASS, AND EMBOURGEOISEMENT; THATCHERITE INDIVIDUALISM; THATCHER' S NEW IMAGINED CONSTITUENCY; THATCHERITE POLICY; POSTSCRIPT: JOHN MAJOR AND ;CLASSLESSNESS CONCLUSION; 8: New Labour, Class, and Social Change
|
| 505 |
8 |
|
|a MODERNIZATION AND NARRATIVESOF SOCIAL CHANGETHE NEW WORKING CLASS AND ORDINARY WORKING FAMILIES; MODERNIZATION, INDIVIDUALISM, AND COMMUNITY; NEW LABOUR POLICY; CONCLUSION; Conclusion: Class, Politics, and the Decline of Deference,1968- 2017; CHANGING CLASS IDENTITIES, 1968- 2000; CLASS AND POLITICS, 1968- 2000; EPILOGUE: CLASS, POLITICS, AND THE DECLINE OF DEFERENCE, 2000- 2017; Appendix; Bibliography; MANUSCRIPT SOURCES; DIGITAL PRIMARY SOURCES; PRINTED PRIMARY SOURCES; SECONDARY SOURCES; UNPUBLISHED PHD THESES; INTERVIEWS; PAPERS AND TALKS; Index; Names; General
|
| 588 |
0 |
|
|a Online resource; title from digital title page (viewed on April 04, 2018).
|
| 650 |
|
0 |
|a Social classes
|z Great Britain
|x History
|y 20th century.
|
| 651 |
|
0 |
|a Great Britain
|x Social conditions
|y 20th century.
|
| 650 |
|
0 |
|a Working class
|z Great Britain
|x History
|y 20th century.
|
| 650 |
|
6 |
|a Classes sociales
|z Grande-Bretagne
|x Histoire
|y 20e siècle.
|
| 651 |
|
6 |
|a Grande-Bretagne
|x Conditions sociales
|y 20e siècle.
|
| 650 |
|
7 |
|a SOCIAL SCIENCE
|x Discrimination & Race Relations.
|2 bisacsh
|
| 650 |
|
7 |
|a SOCIAL SCIENCE
|x Minority Studies.
|2 bisacsh
|
| 650 |
|
7 |
|a Social classes
|2 fast
|
| 650 |
|
7 |
|a Social conditions
|2 fast
|
| 650 |
|
7 |
|a Working class
|2 fast
|
| 651 |
|
7 |
|a Great Britain
|2 fast
|1 https://id.oclc.org/worldcat/entity/E39PBJdmp7p3cx8hpmJ8HvmTpP
|
| 648 |
|
7 |
|a 1900-1999
|2 fast
|
| 655 |
|
7 |
|a Electronic books.
|2 local
|
| 655 |
|
7 |
|a History
|2 fast
|
| 776 |
0 |
8 |
|i Print version:
|a SUTCLIFFE-BRAITHWAITE, FLORENCE.
|t CLASS, POLITICS, AND THE DECLINE OF DEFERENCE IN ENGLAND, 1968-2000.
|d [Place of publication not identified] : OXFORD UNIV PRESS, 2018
|z 0198812574
|w (OCoLC)1001274230
|
| 830 |
|
0 |
|a Past & present book series.
|
| 856 |
4 |
0 |
|u http://proxy.library.tamu.edu/login?url=https://academic.oup.com/book/11050
|z Connect to the full text of this electronic book
|t 0
|
| 955 |
|
|
|a Oxford Scholarship Online
|
| 994 |
|
|
|a 92
|b TXA
|
| 999 |
f |
f |
|i e7ce818a-ff42-48c9-823f-209facf09d4a
|s 3281081f-0cd1-4745-b621-d7ff71161504
|t 0
|
| 952 |
f |
f |
|a Texas A&M University
|b College Station
|c Electronic Resources
|s www_evans
|d Available Online
|t 0
|e HN400.S6 S87 2018
|h Library of Congress classification
|
| 998 |
f |
f |
|a HN400.S6 S87 2018
|t 0
|l Available Online
|